| 000 | 01400nam0a22002651 4500 | ||
|---|---|---|---|
| 001 | rc\4363081 | ||
| 005 | 20250611162420.0 | ||
| 035 | _a(NLR Aleph) 008283392 | ||
| 090 |
_a8530725 _c8530725 |
||
| 100 | _a20130416d1966 |||y0rusy50 ca | ||
| 101 | 0 | _arus | |
| 102 | _aRU | ||
| 105 | _ay z ||||| | ||
| 200 | 1 |
_aПерспективы развития теории печей _fНауч.-техн. о-во черной металлургии. М-во черной металлургии СССР. ЦК профсоюза рабочих металлург. пром-сти. Центр. науч.-исслед. ин-т информации и техн.-экон. исследований черной металлургии. Всесоюз. науч.-техн. совещание по повышению качества нагрева стали и эффективному использованию топлива в нагревательных печах. г. Запорожье, 1966 |
|
| 210 |
_aМосква _cБ. и. _d[1966] |
||
| 215 |
_a8 с. _d21 |
||
| 300 | _aБез тит. л. и обл. | ||
| 300 | _aОтпеч. множит. аппаратом | ||
| 333 | _aНа правах рукописи | ||
| 700 | 1 |
_aГлинков _bМ.А. _gМарк Алексеевич |
|
| 801 | 0 |
_aRU _bNLR _gpsbo |
|
| 801 | 1 |
_aRU _bELAR _2rusmarc |
|
| 852 |
_aNLR _j67-6/2051 |
||
| 942 | _cBOOK | ||
| 980 | _aNB | ||